000 00972nam a22003137a 4500
003 CHAP
005 20220329134009.0
008 971013s1976 r 00010 d
010 _a13826
011 _a14798
035 _a18872
040 _cCHAP
090 _aTesis
100 0 0 _aHeras Lopez, Margarita.
_953667
245 _aProducción y comercialización de guayaba y su importancia económica
260 _aMéxico, D. F. :
_bEl Autor,
_c1976
300 _a145 h.
502 _aTesis (Lic. en Economía) -- UNAM. Escuela Nacional de Economía
590 _aALEPH
_b10
_c20130110
_lUCH01
_h1234
590 _aBATCH-UPD
_b10
_c20130110
_lUCH01
_h0020
590 _aBATCH-UPD
_b10
_c20130110
_lUCH01
_h1738
590 _aCONVERSION
_b10
_c20130109
_lUCH01
_h1309
650 1 4 _aGuayaba.
_951037
650 1 4 _aGuayaba
_xIndustria.
_951052
650 1 4 _aGuayaba
_xMercadeo.
_951055
901 _aBK
942 _cTESIS
949 _bBC
_cTES
_d-43841
_eTS1
_h17930
_i18872
_si
999 _c13826
_d13826